| 000 | 00985cab a2200241 4500 | ||
|---|---|---|---|
| 001 | WB3325-32 | ||
| 008 | 090401t1997 xxu||||| |||| 00| 0 eng d | ||
| 035 | _a(Sirsi) u79164 | ||
| 041 | _aeng | ||
| 245 | _aNotice to quit valid | ||
| 260 | _c1997 | ||
| 350 | _a0 | ||
| 490 |
_aTimes _v21 June 1997, 27(1) |
||
| 520 | _a"National Trust for Places of Historic Interest or Natural Beauty v Knipe and Another" CA 15 May 1997. "Held" that premises let as an agricultural holding did not constitute premises let as a dwelling for the purposes of the Protection from Eviction act 1977 s5, even if there was a dwelling upon the holding. | ||
| 650 | _aAGRICULTURAL HOLDINGS | ||
| 650 | _aAGRICULTURAL TENANCY | ||
| 650 | _aNATIONAL TRUST FOR PLACES OF HISTORIC INTEREST OR NATURAL BEAUTY V KNI | ||
| 650 | _aNOTICE TO QUIT | ||
| 650 | _aPROTECTION FROM EVICTION ACT 1977 S5 | ||
| 690 | _aLANDLORD AND TENANT-CASE LAW-AGRICULTURAL TENANCIES | ||
| 942 | _n0 | ||
| 948 | _c24/06/1997 | ||
| 999 |
_c49760 _d49760 |
||